000 00524nam a2200169 i 4500
001 86577
003 ES-MaACL
005 20230906175458.0
007 t|
008 041214s1970 sp ||||1| spa d
100 1 _aKielholz, Paul.
_968011
245 1 0 _aAngustia
_b: aspectos psíquicos y somáticos /
_cPaul Kielholz ; [versión de A. Guerra Miralles].
260 _aMadrid :
_bMorata,
_c[1970]
300 _a214 p. :
_bil. ;
_c21 cm.
700 1 _aGuera Miralles, Alfredo.
_960449
852 _aES-MaACL
_jC-38555
_bR.74512
999 _c86577
_d86577